Score 0/24 Timer 06:00
1 Play Today
Clue Word % Correct
Wound from a dogbite
97.8%
Before and After: Ugly _____ BoopBetty
88%
Policeman's patrol route or territorybeat
87.7%
Largest of the brass instrumentstuba
86.1%
Approximatelyabout
83.5%
Boxing matchbout
82.9%
Belle, to the BeastBeauty
81.9%
Aid in crimeabet
80%
Borscht maker's requirementbeet
78.5%
British car trunkboot
77.6%
Dalai Lama's landTibet
75.6%
Β or βbeta
70.4%
Clue Word % Correct
Shinbonetibia
69.5%
8 bitsbyte
69.1%
Forbidden by custom or religiontaboo
65.6%
Teensy tinybitty
64.1%
Subway or TVtube
59.9%
Have a boundary withabut
53.2%
Crazy; insanebatty
44.8%
Flat-topped hill, smaller than a mesabutte
43.9%
First Name with Keith or FlendersonToby
43.3%
Sampan, Umiak or Xebecboat
35%
Canadian PM John or Australian PM TonyAbbott
21.4%
A region's plant and animal lifebiota
15.9%

You're not logged in!

Compare scores with friends on all Sporcle quizzes.
OR
Log In

Sporcle TV

Today on Sporcle TV


Watch our educational content, quiz creation guides, and fun videos on Sporcle TV.

Show Comments

Extras

Top Quizzes Today


Score Distribution

Paid Content

Your Account Isn't Verified!

In order to create a playlist on Sporcle, you need to verify the email address you used during registration. Go to your Sporcle Settings to finish the process.

Report this User

Report this user for behavior that violates our Community Guidelines.

Details: